Dallas Fuel Players - Sudden Death - Statistics

General Stats
  • This quiz has been taken 7 times
  • The average score is 12 of 15
Answers on the Grid
Answers color-coded by a green-red scale on the quiz's grid according to % correct below.
xQc
OGE
Custa
aKm
Onigod
chipshajen
Decay
Jecse
Bliss
Fearless
LIP
Doha
Hanbin
Stalk3r
guriyo
Rapel
Probe
Shu
KSF
Zebbosai
RaiN
So0n
birdring
Develop
Yaki
Junbin
Corey
Edison
Kalios
im37
 
Answer Stats
Answer % Correct
Custa
100%
Jecse
100%
aKm
86%
chipshajen
86%
Edison
86%
Hanbin
86%
OGE
86%
xQc
86%
Decay
71%
Doha
71%
Fearless
71%
guriyo
71%
Onigod
71%
Rapel
71%
Bliss
57%
No matching quizzes found
Score Distribution
Percent of People with Each Score
Percentile by Number Answered
Your Score History
You have not taken this quiz